1304 1762 1742 1777 1620 1020 1766 1316 1751 1638 1617 1902 1010 1638 1730 1917 1226 1514 1959 1223 1229 1366 1726 1909 1221 1196 1614 1131 1853 1879 1564 1616 1474 1759 1421 1010 1227 1645 1057 1430 1099 1118 1725 1338 1018 1160 1012 1373 1907 1919 1114 1978 1305 1294 1175 1643 1351 1988 1010 1655 1542 1611 1592 1039 1115 1826 1888 1571 1426 1556 1590 1875 1959 1018 1187 1998 1488 1282 1592 1578 1280 1937 1207 1360 1373 1233 1113 1906 1971 1041 1598 1886 1648 1165 1491 1947 1146 1939 1391 BCNSPRNW ULIB Ver.6.0+V

เปลี่ยนเป็นภาษาไทย

Change to English
 แสดงรายละเอียดบรรณานุกรม
  กลับหน้าหลัก

Brief Record : Get Marc (ISO 2709) : E-mail record : QR code < ปิดหน้าต่าง
LEADER : 00000nam 2200000uu 4500
001    13399120630
003     ULIB
008    121001s2550||||th 000 0 tha d
020    ^a9789749456156(ล.3)
050 04 ^aAC159^bภ375ค ล.3
100 0  ^aภัทราพร สังข์พวงทอง
245 10 ^aความรู้นอกกะลา 3 (ทรัพยากรณ์ธรรมชาติ) /^cภัทราพร สังข์พวงทอง
250    ^aพิมพ์ครั้งที่ 1
260    ^aกรุงเทพฯ :^bพิมพ์บูรพา,^c2550
300    ^a[126] หน้า :^bภาพประกอบ
650  7 ^aความรู้ทั่วไป
650  7 ^aทรัพยากรณ์ธรรมชาติ
650  7 ^aอัญมณี
650  7 ^aกระดาษ
945    ^p200^l0^i14913
995    ^aทศพร
999    ^aทศพร เกษรทอง
รายการนี้ยังไม่มีแท็ก
คุณยังไม่ได้ล็อกอิน คุณสามารถมีกิจกรรมร่วมกับเว็บไซต์ได้ แต่ต้องล็อกอินก่อน ::
  ล็อกอิน

รายการสื่อสารสนเทศ

ลำดับที่ ประเภท เลขเรียก/บาร์โค้ด สถานที่ สถานะ
1. วิทยาศาสตร์การแพทย์ และสุขภาพ
วิทยาศาสตร์การแพทย์ และสุขภาพ
AC159 ภ375ค ล.3  
  Barcode: 14913
ห้องสมุดวิทยาเขตสวรรค์ประชารักษ์
►หนังสือทั่วไป
บนชั้น

รายการใกล้เคียง
    ผู้แต่ง [ภัทราพร สังข์พวงทอง]

    หัวเรื่อง [ความรู้ทั่วไป]
    หัวเรื่อง [ทรัพยากรณ์ธรรมชาติ]
    หัวเรื่อง [อัญมณี]
    หัวเรื่อง [กระดาษ]

BibComment


ยังไม่เคยถูกคอมเมนท์

คอมเมนท์ทรัพยากรรายการนี้
  คอมเมนท์: ความรู้นอกกะลา 3..


 Copyright 2026. Bcnsprnw @Library